One-Word Stage Names #2 - Statistics

General Stats
  • This quiz has been taken 26 times
  • The average score is 3 of 15
Answer Stats
Birth Name Stage Name % Correct
Gordon Matthew Thomas Sumner Sting
96%
Robin Miriam Carlsson Robyn
35%
Ashley Nicolette Frangipane Halsey
30%
Nasir bin Olu Dara Jones Nas
26%
Florian Cloud de Bounevialle Armstrong Dido
22%
Wouter André De Backer Gotye
22%
Richard Melville Hall Moby
17%
Claire Elise Boucher Grimes
13%
Benjamin Hammond Haggerty Macklemore
13%
Lonnie Rashid Lynn Common
9%
Elgin Baylor Lumpkin Ginuwine
9%
Alvin Nathaniel Joiner Xzibit
9%
Tracy Lauren Marrow Ice-T
4%
Michael David Rosenberg Passenger
4%
Timothy Zachery Mosley Timbaland
4%
No matching quizzes found
Score Distribution
Percent of People with Each Score
Percentile by Number Answered
Your Score History
You have not taken this quiz